The noble scholar, jurist, historian


 His Excellency Dr. Abdul Wahhab bin Ibrahim Abu Sulaiman, may Allah have mercy on him.


 He was born in Umm Al-Qura in the year 1356 AH.

جسور التواصل الحضاري بين العالم الإسلامي واليابان / (Record no. 11700)

MARC details
000 -LEADER
fixed length control field 02922cam a2200397 i 4500
003 - CONTROL NUMBER IDENTIFIER
control field SA-RiAUC
005 - DATE AND TIME OF LATEST TRANSACTION
control field 20250914142258.0
008 - FIXED-LENGTH DATA ELEMENTS--GENERAL INFORMATION
fixed length control field 250910s2009 ku g b f000 0 ara c
020 ## - INTERNATIONAL STANDARD BOOK NUMBER
International Standard Book Number 9789990695281
024 0# - OTHER STANDARD IDENTIFIER
Standard number or code 00000000976400
040 ## - CATALOGING SOURCE
Original cataloging agency SA-MaMIU
Language of cataloging ara
Transcribing agency SA-RiAUC
Modifying agency KW-KwMAI
Description conventions rda
043 ## - GEOGRAPHIC AREA CODE
Geographic area code a-ja---
050 #4 - LIBRARY OF CONGRESS CALL NUMBER
Item number N84 2009
082 04 - DEWEY DECIMAL CLASSIFICATION NUMBER
Classification number 303.4825201761
Assigning agency SA-RiAUC
090 ## - LOCALLY ASSIGNED LC-TYPE CALL NUMBER (OCLC); LOCAL CALL NUMBER (RLIN)
Classification number (OCLC) (R) ; Classification number, CALL (RLIN) (NR) 303.4825201761
Local cutter number (OCLC) ; Book number/undivided call number, CALL (RLIN) ا ب ر
100 1# - MAIN ENTRY--PERSONAL NAME
Personal name إبراهيم، سمير عبد الحميد،
Dates associated with a name 1946-
Relator term مؤلف.
245 10 - TITLE STATEMENT
Title جسور التواصل الحضاري بين العالم الإسلامي واليابان /
Statement of responsibility, etc. أ. د. سمير عبد الحميد نوح.
250 ## - EDITION STATEMENT
Edition statement الطبعة الأولى.
264 #1 - PRODUCTION, PUBLICATION, DISTRIBUTION, MANUFACTURE, AND COPYRIGHT NOTICE
Place of production, publication, distribution, manufacture الكويت :
Name of producer, publisher, distributor, manufacturer وزارة الأوقاف والشؤون الإسلامية، قطاع الشؤون الثقافية، إدارة الثقافة الإسلامية،
Date of production, publication, distribution, manufacture, or copyright notice 2009.
300 ## - PHYSICAL DESCRIPTION
Extent 225 صفحة ؛
Other physical details 21 × 14 سم.
336 ## - CONTENT TYPE
Content type term نص
Content type code txt
Source rdacontent
Materials specified كتاب
337 ## - MEDIA TYPE
Media type term بدون وسيط
Media type code n
Source rdamedia
338 ## - CARRIER TYPE
Carrier type term مجلد
Carrier type code nc
Source rdacarrier
490 1# - SERIES STATEMENT
Series statement روافد.
-- إسهام ؛
Volume/sequential designation 23
504 ## - BIBLIOGRAPHY, ETC. NOTE
Bibliography, etc. note يشتمل على إرجاعات ببليوجرافية.
506 0# - RESTRICTIONS ON ACCESS NOTE
Terms governing access يهدى ولا يباع.
520 ## - SUMMARY, ETC.
Summary, etc. يتناول كتاب (جسور التواصل الحضاري بين العالم الإسلامي واليابان) والذي قام بتأليفه د. سمير عبد الحميد نوح، موضوع (التواصل الحضاري) الكتاب يناقش ملامح الثقافة العربية الإسلامية مع اليابان، من خلال الاتصال المباشر بين الدارسين اليابانيين والعلماء العرب والمسؤلين الرسميين، من خلال قيام المراكز البحثية اليابانية بتخريج دفعات من الباحثين اليابانيين المهتمين بشؤون البلدان العربية، والذين يتقنون اللغة العربية؛ إذ بدأ اليابانيون يهتمون باللغة العربية والإسلام، ونشطت أقسام اللغة العربية والثقافة الإسلامية ومقارنة الأديان في جامعات اليابان، فكانت النتيجة ظهور عدد من المستعربين اليابانيين.. وكانت الدعوة إلى الحوار بين اليابان والعالم الإسلامي.
520 0# - SUMMARY, ETC.
Summary, etc. العلاقات الثقافية.
651 #7 - SUBJECT ADDED ENTRY--GEOGRAPHIC NAME
Geographic name البلاد الإسلامية
General subdivision علاقات
Geographic subdivision اليابان
Source of heading or term aucsh
651 #7 - SUBJECT ADDED ENTRY--GEOGRAPHIC NAME
Geographic name اليابان
General subdivision علاقات
Geographic subdivision البلاد الإسلامية
Source of heading or term aucsh
830 #0 - SERIES ADDED ENTRY--UNIFORM TITLE
Uniform title روافد.
Name of part/section of a work إسهام
Volume/sequential designation 23
856 4# - ELECTRONIC LOCATION AND ACCESS
Uniform Resource Identifier <a href="127">127</a>
942 ## - ADDED ENTRY ELEMENTS (KOHA)
Source of classification or shelving scheme Dewey Decimal Classification
Koha item type Books
Suppress in OPAC No
949 ## - LOCAL PROCESSING INFORMATION (OCLC)
a SA-JeALM
d 250910
u mohamedma123
n 1
Holdings
Withdrawn status Lost status Source of classification or shelving scheme Damaged status Not for loan Home library Current library Date acquired Total checkouts Full call number Barcode Date last seen Price effective from Koha item type
    Dewey Decimal Classification     DR AbdElwahab Library DR AbdElwahab Library 09/14/2025   303.4825201761 ا ب ر 000018874 09/14/2025 09/14/2025 Books